| 000 | 00886nas a2200277 4500 | ||
|---|---|---|---|
| 001 | BR9200782 | ||
| 003 | BR-BrBNA | ||
| 005 | 20231205092315.0 | ||
| 007 | ta | ||
| 008 | 230509b bl.|||p| |||| 00| 00por d | ||
| 040 |
_aBR-BrBNA _bpor _cBiblioteca Nacional de Agricultura |
||
| 041 | _a(Pt) | ||
| 072 | _aH20 | ||
| 100 | 1 | _aRodrigues, M. das G.R. | |
| 100 | 1 | _aMarinho, V.L.A. | |
| 100 | 1 | _aRibeiro, S.G. | |
| 100 | 1 | _aKitajima, E.W. | |
| 245 | 1 | _aMosaico em margarida-amarela (Coreopsis lanceolata)causada pelo virus do mosaico do picao | |
| 246 | 1 | _aA mosaic in tickseed (Coreopsis lanceolata)caused by Bidens mosaic virus | |
| 650 | _aMARGARIDA | ||
| 650 | _aMOSAICO | ||
| 650 | _aVIRUS | ||
| 773 | 0 |
_tFitopatologia Brasileira (Brazil) _xISSN 0100-4158 _g(Mar 1991), v. 16(1) p. 114-117 _wBR9200782 |
|
| 909 |
_a202311 _bLúcia _c55 _dLúcia Elande |
||
| 942 |
_2AGRIS _n0 _cANA |
||
| 999 |
_c130810 _d130810 |
||